000 00428 a2200157 4500
005 20250507113316.0
020 _a0-256-03717-5
082 _a658. 401 THO
100 _aTHOMPSON, A. A.
245 _aStrategic Management: Concepts and Cases
250 _a4th Ed.
260 _aNew York,
_bIrwin,
_c1987.
300 _axviii, 1054p.: ill.; figure, graph, table.
_bIndex.
_c25cm.
700 _aSTRICKLAND, A. J.
942 _2ddc
_cBKS
999 _c2097
_d2097